| 000 | 00470nam a22001697a 4500 | ||
|---|---|---|---|
| 003 | OSt | ||
| 082 |
_a664 _bSIL/PR |
||
| 088 | _aP 625 | ||
| 100 |
_aSilpa O _96251 |
||
| 245 | _aProcessing and shelf-life studies of coconut water / | ||
| 260 |
_aTavaur : _bDepartment of Processing and Food Engineering, _c2024. |
||
| 700 |
_aNandana Vishnu _96252 |
||
| 700 |
_aMuhammad Siraj _96253 |
||
| 700 |
_aMuhammed Arshad K C _96483 |
||
| 700 | _aRajesh G K (Guide) | ||
| 942 | _cPR | ||
| 999 |
_c18101 _d18101 |
||